LIBRARY & INFORMATION CENTRE, KCAET, TAVANUR

ONLINE PUBLIC ACCESS CATALOGUE (OPAC)

Physiology of lfowering plants: their growth and development / (Record no. 1377)

MARC details
000 -LEADER
fixed length control field 00532cam a2200193ua 4500
020 ## - INTERNATIONAL STANDARD BOOK NUMBER
ISBN 0-7137-2907-7
041 ## - LANGUAGE CODE
Language code of text/sound track or separate title eng
082 ## - DEWEY DECIMAL CLASSIFICATION NUMBER
Classification number 581.1
Item number STR/PH
100 ## - MAIN ENTRY--AUTHOR NAME
Personal name Street, H E .
245 ## - TITLE STATEMENT
Title Physiology of lfowering plants: their growth and development /
250 ## - EDITION STATEMENT
Edition statement 3 /
260 ## - PUBLICATION, DISTRIBUTION, ETC. (IMPRINT)
Place of publication London :
Name of publisher English Language Book Society ,
Year of publication 1984.
300 ## - PHYSICAL DESCRIPTION
Number of Pages 279 ; .
700 1# - ADDED ENTRY--PERSONAL NAME
Personal name Lelgi, Opic .
942 ## - ADDED ENTRY ELEMENTS (KOHA)
Koha item type Books
Holdings
Withdrawn status Lost status Damaged status Home library Current library Date acquired Full call number Accession Number Koha item type
      KAUAET KAUAET 27/03/1987 581.1 STR/PH 16187 Books
free website counter